La soledad invitada /

Guardado en:
Autor Principal: Avanza, Julio César.
Formato: Libro
Idioma:Undetermined
Publicado: [S.l.] : Hipocampo, 1941.
Materias:
Etiquetas: Agregar Etiqueta
Sin Etiquetas, Sea el primero en etiquetar este registro!
LEADER 00467nam a22001575a 4500
001 EHU.bham047651
005 20110712090120.0
008 110712s1941####xx############000#0#und#d
100 1 |a Avanza, Julio César. 
245 0 0 |a La soledad invitada /  |c Julio César Avanza. 
260 |a [S.l.] :  |b Hipocampo,  |c 1941. 
300 |a 32. 
653 |a poesía 
653 |a literatura 
653 |a escritor bahiense 
859 |a AR-BHAM  |b BIB. HUMANIDADES - Donacion Lejarraga  |h MFN001870  |p 001870.19